Loading...
| Literature - European | 0 | 5 | 0 | 1 | 50 | 18 | 52.80 | 4 | 4 | 21.77 | 36.11 |
| Religion | 0 | 5 | 0 | 0 | 50 | 35 | 92.00 | 0 | 1 | 8.63 | 16.67 |
| Fine Arts - Classical Music | 0 | 5 | 2 | 1 | 40 | 69 | 90.80 | 1 | 2 | 7.73 | 19.44 |
| Mythology | 0 | 3 | 0 | 0 | 30 | 51 | 76.33 | 1 | 2 | 7.08 | 16.67 |
| Science - Physics | 0 | 3 | 0 | 1 | 30 | 50 | 74.67 | 0 | 0 | 7.86 | 12.04 |
| Science - Biology | 0 | 2 | 0 | 0 | 20 | 23 | 32.50 | 0 | 2 | 11.19 | 13.89 |
| Science - Chemistry | 0 | 2 | 0 | 0 | 20 | 79 | 91.50 | 0 | 1 | 3.72 | 10.19 |
| Science - Other | 0 | 2 | 0 | 0 | 20 | 103 | 106.00 | 1 | 1 | 0.61 | 12.04 |
| Fine Arts - Painting and Sculpture | 0 | 2 | 0 | 0 | 20 | 52 | 76.50 | 1 | 1 | 5.38 | 11.11 |
| Literature - World | 0 | 2 | 0 | 0 | 20 | 40 | 76.00 | 0 | 1 | 6.92 | 11.11 |
| Literature - British | 0 | 2 | 0 | 1 | 20 | 90 | 102.00 | 0 | 0 | 1.83 | 8.33 |
| History - Other | 0 | 1 | 0 | 0 | 10 | 66 | 66.00 | 0 | 0 | 3.24 | 2.78 |
| History - European | 0 | 1 | 0 | 0 | 10 | 34 | 34.00 | 1 | 1 | 5.66 | 8.33 |
| Philosophy | 0 | 1 | 0 | 0 | 10 | 65 | 65.00 | 1 | 1 | 3.37 | 10.00 |
| Social Science | 0 | 1 | 0 | 0 | 10 | 71 | 71.00 | 0 | 0 | 4.85 | 4.17 |
| Fine Arts - Other | 0 | 0 | 0 | 0 | 0 | 0.00 | 0 | 0 | 0.00 | 0.00 |